000 01312nam a22002535i 4500
001 166373
003 ES-MaACL
005 20250814001603.0
008 030328s1887 sp |||| | spa d
100 1 _aTolosa Latour, Manuel,
_d1857-1919
_9110485
245 1 0 _aHigiene del trabajo en la segunda infancia
_b: cartilla premiada en el concurso público de 1887 /
_cescrita por Manuel de Tolosa Latour.
260 _aMadrid :
_bSociedad Española de Higiene,
_c1887 (
_fR. Velasco, imp.)
300 _a23 p. ;
_c17 cm.
490 1 _aPublicaciones de la Sociedad Española de Higiene. Tercer concurso de premios
650 _aNiños-
_xSalud e higiene.
_915557
710 2 _aSociedad Española de Higiene-
_kMemorias premiadas
_96727
830 1 _aPublicaciones de la Sociedad Española de Higiene. Tercer concurso de premios
_9222549
852 _aES-MaACL
_jFOLL-Laf-580
_9172761
_cDEPOF
_fSello en tinta en portada: "Ateneo de Madrid. Legado M. de la fuente"
_fSello en tinta en portada: "Ateneo de Madrid. Biblioteca"
_hLegado: M. de la Fuente
852 _aES-MaACL
_jT-480-F-8
_cDEPOF
_xEnc. hol.
_xEnc. en un vol. facticio
_9172760
903 _969535
_aLafuente, Modesto,
_q1
_d1806-1866
_ednr
942 _2udc
_cFOLLETOS
999 _c166373
_d166373